[Event "La Pobla de Lillet op"]
[Site "La Pobla de Lillet ESP"]
[Date "2012.08.01"]
[Round "1.1"]
[White "Peralta, F.."]
[Black "Montero Montero, JJ.."]
[Result "1-0"]
[WhiteElo "2606"]
[BlackElo "1717"]
[PlyCount "83"]
[EventDate "2012.08.01"]
[EventType "swiss"]
[EventRounds "9"]
[EventCountry "ESP"]
[SourceTitle "Ajedrez en Madrid"]
[Source "lmi"]
[SourceDate "2020.06.24"]
[SourceVersion "1"]
[SourceVersionDate "2020.06.25"]
[SourceQuality "1"]

1. d4 Nf6 2. c4 e6 3. Nc3 Bb4 4. e3 b6 5. Nge2 Bb7 6. a3 Be7 7. Ng3 d5 8. cxd5
exd5 9. b4 c6 10. Bd3 Nbd7 11. O-O O-O 12. Nf5 Re8 13. Nxe7+ Qxe7 14. Rb1 Ne4
15. Qc2 Ndf6 16. f3 Nd6 17. Bd2 g6 18. Rbe1 c5 19. bxc5 bxc5 20. dxc5 Nc4 21.
Bxc4 dxc4 22. Na4 Ba6 23. Bc3 Nd5 24. Bd4 Rab8 25. Nc3 Nxc3 26. Qxc3 Rb3 27.
Qa5 Qb7 28. Rc1 Rb8 29. Rfd1 Rb5 30. Qe1 Rb3 31. Qh4 Qc6 32. Bc3 Rxc3 33. Rxc3
Qxc5 34. Rd8+ Rxd8 35. Qxd8+ Kg7 36. Qd4+ Qxd4 37. exd4 Kf6 38. Re3 Bb5 39. Kf2
g5 40. Ke1 Bc6 41. Re5 a6 42. Ra5 1-0

[Event "La Pobla de Lillet op"]
[Site "La Pobla de Lillet ESP"]
[Date "2012.08.01"]
[Round "1.2"]
[White "Franch Bessa, J.."]
[Black "Movsziszian, K.."]
[Result "0-1"]
[WhiteElo "1707"]
[BlackElo "2469"]
[PlyCount "48"]
[EventDate "2012.08.01"]
[EventType "swiss"]
[EventRounds "9"]
[EventCountry "ESP"]
[SourceTitle "Ajedrez en Madrid"]
[Source "lmi"]
[SourceDate "2020.06.24"]
[SourceVersion "1"]
[SourceVersionDate "2020.06.25"]
[SourceQuality "1"]

1. e4 g6 2. Nc3 Bg7 3. f4 c5 4. Nf3 Nc6 5. d3 d6 6. h3 Rb8 7. a4 a6 8. g4 e6 9.
Bg2 Nge7 10. Ne2 O-O 11. O-O f5 12. Ng3 b5 13. c3 Kh8 14. Be3 b4 15. c4 Bxb2
16. Rb1 Bg7 17. Ng5 Nd4 18. Ne2 h6 19. Bxd4 cxd4 20. Nf3 e5 21. g5 Qc7 22. Qe1
fxe4 23. gxh6 Bxh6 24. Qh4 Nf5 0-1

[Event "La Pobla de Lillet op"]
[Site "La Pobla de Lillet ESP"]
[Date "2012.08.01"]
[Round "1.3"]
[White "Oms Pallisse, J.."]
[Black "Capell Guix, S.."]
[Result "1-0"]
[WhiteElo "2461"]
[BlackElo "1699"]
[PlyCount "52"]
[EventDate "2012.08.01"]
[EventType "swiss"]
[EventRounds "9"]
[EventCountry "ESP"]
[SourceTitle "Ajedrez en Madrid"]
[Source "lmi"]
[SourceDate "2020.06.24"]
[SourceVersion "1"]
[SourceVersionDate "2020.06.25"]
[SourceQuality "1"]

1. Nf3 Nc6 2. d4 d5 3. c4 e6 4. Nc3 Nf6 5. Bg5 dxc4 6. e4 Be7 7. Bxc4 a6 8. O-O
b5 9. Bd3 Nb4 10. Bb1 Nc6 11. e5 Nd5 12. Ne4 Bb7 13. Qd2 h6 14. Bxe7 Ncxe7 15.
Nc5 Rb8 16. Be4 c6 17. Rac1 O-O 18. Rfe1 Bc8 19. Bb1 Qe8 20. Qd3 Ng6 21. g3 f5
22. exf6 Rxf6 23. Ne5 Nxe5 24. Qh7+ Kf8 25. dxe5 Rf3 26. Bg6 Rf7 1-0

[Event "La Pobla de Lillet op"]
[Site "La Pobla de Lillet ESP"]
[Date "2012.08.01"]
[Round "1.4"]
[White "Solsona Manonelles, J.."]
[Black "Mellado Triviño, J.."]
[Result "0-1"]
[WhiteElo "1697"]
[BlackElo "2444"]
[PlyCount "36"]
[EventDate "2012.08.01"]
[EventType "swiss"]
[EventRounds "9"]
[EventCountry "ESP"]
[SourceTitle "Ajedrez en Madrid"]
[Source "lmi"]
[SourceDate "2020.06.24"]
[SourceVersion "1"]
[SourceVersionDate "2020.06.25"]
[SourceQuality "1"]

1. d4 Nf6 2. c4 c5 3. d5 b5 4. Qc2 bxc4 5. e4 d6 6. Bxc4 g6 7. Bd2 Bg7 8. Bc3
O-O 9. Nf3 Nbd7 10. Nbd2 Nb6 11. b3 e5 12. O-O Nh5 13. Rfe1 f5 14. Rad1 Nf4 15.
Bf1 fxe4 16. Nxe4 Bg4 17. Bc4 Nxc4 18. bxc4 Nxg2 0-1

[Event "La Pobla de Lillet op"]
[Site "La Pobla de Lillet ESP"]
[Date "2012.08.01"]
[Round "1.5"]
[White "Antoli Royo, JM.."]
[Black "Ros Alonso, J.."]
[Result "1-0"]
[WhiteElo "2398"]
[BlackElo "1694"]
[PlyCount "51"]
[EventDate "2012.08.01"]
[EventType "swiss"]
[EventRounds "9"]
[EventCountry "ESP"]
[SourceTitle "Ajedrez en Madrid"]
[Source "lmi"]
[SourceDate "2020.06.24"]
[SourceVersion "1"]
[SourceVersionDate "2020.06.25"]
[SourceQuality "1"]

1. e4 c5 2. Nf3 e6 3. d4 cxd4 4. Nxd4 a6 5. Nc3 Qc7 6. f4 d6 7. Be3 Nc6 8. Qf3
Bd7 9. O-O-O Be7 10. g4 Bd8 11. g5 Nge7 12. h4 O-O 13. f5 exf5 14. Nxf5 Ne5 15.
Qf4 Nxf5 16. exf5 Rc8 17. f6 g6 18. h5 Bc6 19. Qh4 b5 20. Bg2 Nc4 21. Nd5 Bxd5
22. hxg6 fxg6 23. Bxd5+ Kh8 24. Qxh7+ Qxh7 25. Rxh7+ Kxh7 26. Rh1# 1-0

[Event "La Pobla de Lillet op"]
[Site "La Pobla de Lillet ESP"]
[Date "2012.08.01"]
[Round "1.6"]
[White "Martinez Sanchez, F.."]
[Black "Valdes Romero, L.."]
[Result "0-1"]
[WhiteElo "1670"]
[BlackElo "2366"]
[PlyCount "66"]
[EventDate "2012.08.01"]
[EventType "swiss"]
[EventRounds "9"]
[EventCountry "ESP"]
[SourceTitle "Ajedrez en Madrid"]
[Source "lmi"]
[SourceDate "2020.06.24"]
[SourceVersion "1"]
[SourceVersionDate "2020.06.25"]
[SourceQuality "1"]

1. e4 d6 2. Nc3 Nf6 3. g3 g6 4. Bg2 Bg7 5. d3 c5 6. Nge2 Nc6 7. O-O O-O 8. a4
a6 9. h3 Rb8 10. Rb1 b5 11. axb5 axb5 12. Nf4 e6 13. Qe1 b4 14. Nd1 e5 15. Ne2
d5 16. exd5 Nxd5 17. Ne3 Nxe3 18. Bxe3 Nd4 19. Bxd4 cxd4 20. f4 b3 21. cxb3
Rxb3 22. Nc1 Rb5 23. Be4 Bxh3 24. Rf2 exf4 25. Rh2 Bf5 26. Bxf5 Rxf5 27. g4 Rg5
28. Qh4 h5 29. Kh1 Qb8 30. Rg2 Rxg4 31. Qf2 Re8 32. Ne2 Rxe2 33. Qxe2 f3 0-1

[Event "La Pobla de Lillet op"]
[Site "La Pobla de Lillet ESP"]
[Date "2012.08.01"]
[Round "1.7"]
[White "Ramiro Ovejero, JL.."]
[Black "Padilla Ruiz, JJ.."]
[Result "1-0"]
[WhiteElo "2349"]
[BlackElo "1664"]
[PlyCount "57"]
[EventDate "2012.08.01"]
[EventType "swiss"]
[EventRounds "9"]
[EventCountry "ESP"]
[SourceTitle "Ajedrez en Madrid"]
[Source "lmi"]
[SourceDate "2020.06.24"]
[SourceVersion "1"]
[SourceVersionDate "2020.06.25"]
[SourceQuality "1"]

1. e4 e5 2. Nf3 Nf6 3. Nc3 Bb4 4. Nxe5 O-O 5. Be2 Re8 6. Nd3 Bxc3 7. dxc3 Nxe4
8. O-O d5 9. Nf4 c6 10. Be3 Nd7 11. c4 Ndf6 12. cxd5 Nxd5 13. Nxd5 cxd5 14. Qd4
Qf6 15. Rfd1 Qxd4 16. Rxd4 Be6 17. Rad1 Rac8 18. c4 Nf6 19. cxd5 Bxd5 20. Rxd5
Nxd5 21. Rxd5 Rc2 22. Bb5 Rxb2 23. g3 Rc8 24. Bc4 b6 25. Rd7 Rf8 26. Rxa7 Rc2
27. Bb3 Rc6 28. Rb7 g6 29. Bh6 1-0

[Event "La Pobla de Lillet op"]
[Site "La Pobla de Lillet ESP"]
[Date "2012.08.01"]
[Round "1.8"]
[White "Meyer, K.."]
[Black "Aranda Marin, C.."]
[Result "0-1"]
[WhiteElo "1655"]
[BlackElo "2324"]
[PlyCount "64"]
[EventDate "2012.08.01"]
[EventType "swiss"]
[EventRounds "9"]
[EventCountry "ESP"]
[SourceTitle "Ajedrez en Madrid"]
[Source "lmi"]
[SourceDate "2020.06.24"]
[SourceVersion "1"]
[SourceVersionDate "2020.06.25"]
[SourceQuality "1"]

1. e4 e6 2. d4 d5 3. exd5 exd5 4. Bf4 Nf6 5. c3 Be7 6. Bd3 O-O 7. Nf3 Bg4 8.
Nbd2 Bd6 9. Bxd6 Qxd6 10. O-O Nbd7 11. Qc2 Qf4 12. Rae1 c5 13. g3 Qh6 14. Bf5
cxd4 15. Nxd4 Rfe8 16. N2f3 Qh3 17. Bxg4 Nxg4 18. Qf5 Ndf6 19. Qg5 h6 20. Qh4
Qxh4 21. Nxh4 Ne5 22. Nb5 Nd3 23. Rxe8+ Rxe8 24. Nd4 g6 25. Ng2 Re7 26. Nf4
Nxb2 27. Rb1 Na4 28. Rb3 a6 29. Nfe2 b5 30. Kf1 Ne4 31. Nc6 Re6 32. Ned4 Nd2+
0-1

[Event "La Pobla de Lillet op"]
[Site "La Pobla de Lillet ESP"]
[Date "2012.08.01"]
[Round "1.9"]
[White "Capellades Subirana, M.."]
[Black "Sanchez Coves, JJ.."]
[Result "1-0"]
[WhiteElo "2237"]
[BlackElo "1655"]
[PlyCount "59"]
[EventDate "2012.08.01"]
[EventType "swiss"]
[EventRounds "9"]
[EventCountry "ESP"]
[SourceTitle "Ajedrez en Madrid"]
[Source "lmi"]
[SourceDate "2020.06.24"]
[SourceVersion "1"]
[SourceVersionDate "2020.06.25"]
[SourceQuality "1"]

1. e4 d5 2. exd5 Nf6 3. Nc3 Nxd5 4. Bc4 Be6 5. Bb3 Na6 6. Nf3 Nxc3 7. bxc3 Bxb3
8. axb3 e6 9. O-O Qf6 10. d4 c5 11. Qe2 Nc7 12. Qe4 Bd6 13. Qxb7 O-O 14. dxc5
Be5 15. Nxe5 Qxe5 16. Rxa7 Rac8 17. Qb4 Nd5 18. Qd4 Qb8 19. Ra1 Rfd8 20. c4 Nf6
21. Qe3 Ng4 22. Qg3 Qxg3 23. hxg3 Rxc5 24. f3 Ne5 25. Be3 Rcc8 26. Kf2 Nc6 27.
Rfd1 Nb4 28. Rxd8+ Rxd8 29. c3 Nc2 30. Ra2 1-0

[Event "La Pobla de Lillet op"]
[Site "La Pobla de Lillet ESP"]
[Date "2012.08.01"]
[Round "1.10"]
[White "Povill Claros, X.."]
[Black "Anguera Maestro, J.."]
[Result "0-1"]
[WhiteElo "1653"]
[BlackElo "2153"]
[PlyCount "84"]
[EventDate "2012.08.01"]
[EventType "swiss"]
[EventRounds "9"]
[EventCountry "ESP"]
[SourceTitle "Ajedrez en Madrid"]
[Source "lmi"]
[SourceDate "2020.06.24"]
[SourceVersion "1"]
[SourceVersionDate "2020.06.25"]
[SourceQuality "1"]

1. e4 d6 2. d4 g6 3. Nc3 Bg7 4. g3 Nc6 5. Nge2 Bg4 6. Be3 Bf3 7. Rg1 Nf6 8. Bg2
Bxg2 9. Rxg2 Qd7 10. f3 a6 11. Qd2 b5 12. a3 Rb8 13. Nb1 e5 14. d5 Ne7 15. Nbc3
O-O 16. Kf2 c6 17. dxc6 Qxc6 18. Rd1 Rfd8 19. Bg5 d5 20. Bxf6 Qxf6 21. exd5 Nf5
22. Rgg1 Qb6+ 23. Kg2 Ne3+ 24. Kh1 Nxd1 25. Rxd1 Bf8 26. Ne4 f5 27. Ng5 Bh6 28.
h4 Bxg5 29. Qxg5 Rd7 30. g4 Qd8 31. gxf5 Qxg5 32. hxg5 gxf5 33. Ng3 Kf7 34.
Nxf5 Kg6 35. Ne3 Kxg5 36. Ng4 Rbd8 37. Nxe5 Rxd5 38. Nd3 Kf6 39. Rd2 Rh5+ 40.
Kg1 Rg8+ 41. Kf1 Rh1+ 42. Ke2 Re8+ 0-1

[Event "La Pobla de Lillet op"]
[Site "La Pobla de Lillet ESP"]
[Date "2012.08.01"]
[Round "1.18"]
[White "Serrano Burgos, P.."]
[Black "Garcia Galeote, L.."]
[Result "0-1"]
[WhiteElo "1551"]
[BlackElo "2025"]
[PlyCount "68"]
[EventDate "2012.08.01"]
[EventType "swiss"]
[EventRounds "9"]
[EventCountry "ESP"]
[SourceTitle "Ajedrez en Madrid"]
[Source "lmi"]
[SourceDate "2020.06.24"]
[SourceVersion "1"]
[SourceVersionDate "2020.06.25"]
[SourceQuality "1"]

1. e4 g6 2. d4 Bg7 3. Nc3 d6 4. Be3 a6 5. Qd2 b5 6. g3 Bb7 7. Bg2 Nf6 8. Nge2
Nbd7 9. O-O O-O 10. Rad1 Nb6 11. b3 b4 12. Nb1 a5 13. Qd3 e5 14. d5 Nbd7 15. c4
Ng4 16. Bc1 f5 17. Nd2 Nc5 18. Qc2 Bc8 19. Bb2 fxe4 20. Nxe4 Bf5 21. Nc1 Rf7
22. Rde1 Qe7 23. Qe2 Nxe4 24. Bxe4 Bxe4 25. Qxe4 Qg5 26. h4 Qh5 27. Nd3 Raf8
28. Qe2 Rf3 29. Kg2 Qf5 30. Rd1 Bh6 31. Kg1 e4 32. Nf4 Bxf4 33. gxf4 Qxf4 34.
Rfe1 Qh2+ 0-1

[Event "La Pobla de Lillet op"]
[Site "La Pobla de Lillet ESP"]
[Date "2012.08.02"]
[Round "2.1"]
[White "Guasch Murtra, JM.."]
[Black "Peralta, F.."]
[Result "0-1"]
[WhiteElo "1979"]
[BlackElo "2606"]
[PlyCount "52"]
[EventDate "2012.08.01"]
[EventType "swiss"]
[EventRounds "9"]
[EventCountry "ESP"]
[SourceTitle "Ajedrez en Madrid"]
[Source "lmi"]
[SourceDate "2020.06.24"]
[SourceVersion "1"]
[SourceVersionDate "2020.06.25"]
[SourceQuality "1"]

1. e4 d6 2. d4 Nf6 3. Nc3 g6 4. Nf3 Bg7 5. Bd3 O-O 6. h3 c6 7. O-O Nbd7 8. Qe2
e5 9. dxe5 dxe5 10. Be3 Nh5 11. Qd2 Qe7 12. Rfd1 Nc5 13. Bf1 Nf6 14. Bg5 Qc7
15. Qe3 Ne6 16. Bh6 Bxh6 17. Qxh6 b5 18. a3 Bb7 19. g4 Rfd8 20. Rd3 Nd4 21. Ng5
Nxc2 22. Rf3 Qe7 23. Bxb5 cxb5 24. Rc1 Nd4 25. Rxf6 Qxf6 26. Nd5 Qxg5 0-1

[Event "La Pobla de Lillet op"]
[Site "La Pobla de Lillet ESP"]
[Date "2012.08.02"]
[Round "2.2"]
[White "Movsziszian, K.."]
[Black "Riera Sola, L.."]
[Result "1-0"]
[WhiteElo "2469"]
[BlackElo "1981"]
[PlyCount "46"]
[EventDate "2012.08.01"]
[EventType "swiss"]
[EventRounds "9"]
[EventCountry "ESP"]
[SourceTitle "Ajedrez en Madrid"]
[Source "lmi"]
[SourceDate "2020.06.24"]
[SourceVersion "1"]
[SourceVersionDate "2020.06.25"]
[SourceQuality "1"]

1. g3 Nf6 2. Bg2 g6 3. e4 d6 4. d4 Nbd7 5. Ne2 e5 6. O-O Bg7 7. h3 O-O 8. Be3
exd4 9. Bxd4 Re8 10. Nbc3 Ne5 11. f4 Nc6 12. Bf2 Be6 13. g4 Bc4 14. Re1 Bxe2
15. Rxe2 Nd7 16. Qd2 Nb6 17. Rb1 Nb4 18. a3 Nc4 19. Qe1 Nc6 20. b3 Nb6 21. Rd1
Re6 22. g5 f5 23. e5 Qd7 1-0

[Event "La Pobla de Lillet op"]
[Site "La Pobla de Lillet ESP"]
[Date "2012.08.02"]
[Round "2.3"]
[White "Capelles Prat, R.."]
[Black "Oms Pallisse, J.."]
[Result "0-1"]
[WhiteElo "1934"]
[BlackElo "2461"]
[PlyCount "52"]
[EventDate "2012.08.01"]
[EventType "swiss"]
[EventRounds "9"]
[EventCountry "ESP"]
[SourceTitle "Ajedrez en Madrid"]
[Source "lmi"]
[SourceDate "2020.06.24"]
[SourceVersion "1"]
[SourceVersionDate "2020.06.25"]
[SourceQuality "1"]

1. d4 Nf6 2. c4 e6 3. Nc3 Bb4 4. Qc2 O-O 5. Nf3 c5 6. e3 b6 7. Bd3 Bb7 8. e4
cxd4 9. Nxd4 Bxc3+ 10. bxc3 d6 11. Bg5 Nbd7 12. O-O h6 13. Bh4 Ne5 14. f3 Ng6
15. Bf2 Rc8 16. Rfd1 Qe7 17. Bf1 Rfd8 18. Nb5 Bc6 19. Rab1 Ne5 20. Qb3 Ne8 21.
Nxa7 Qxa7 22. Bxb6 Qa8 23. Bxd8 Ba4 24. Qb6 Bxd1 25. Be7 Nd7 26. Qb4 Rb8 0-1

[Event "La Pobla de Lillet op"]
[Site "La Pobla de Lillet ESP"]
[Date "2012.08.02"]
[Round "2.4"]
[White "Mellado Triviño, J.."]
[Black "Cervello Tost, F.."]
[Result "1-0"]
[WhiteElo "2444"]
[BlackElo "1973"]
[PlyCount "61"]
[EventDate "2012.08.01"]
[EventType "swiss"]
[EventRounds "9"]
[EventCountry "ESP"]
[SourceTitle "Ajedrez en Madrid"]
[Source "lmi"]
[SourceDate "2020.06.24"]
[SourceVersion "1"]
[SourceVersionDate "2020.06.25"]
[SourceQuality "1"]

1. e4 e5 2. Nf3 Nc6 3. Bc4 Bc5 4. O-O Nf6 5. d4 Bxd4 6. Nxd4 exd4 7. e5 d5 8.
exf6 dxc4 9. fxg7 Rg8 10. Qh5 Rxg7 11. Re1+ Ne7 12. Na3 Bg4 13. Qe5 Rg6 14.
Qh8+ Kd7 15. Qxd4+ Kc8 16. Qxd8+ Kxd8 17. Nxc4 Re6 18. Bg5 Rxe1+ 19. Rxe1 Be6
20. f4 Kd7 21. Ne5+ Ke8 22. g4 Kf8 23. f5 Bc8 24. Nxf7 Nxf5 25. gxf5 Kxf7 26.
Re7+ Kg8 27. f6 Bf5 28. Bh6 Bg6 29. Rg7+ Kh8 30. Rxg6 hxg6 31. f7 1-0

[Event "La Pobla de Lillet op"]
[Site "La Pobla de Lillet ESP"]
[Date "2012.08.02"]
[Round "2.5"]
[White "Jover Font, P.."]
[Black "Antoli Royo, JM.."]
[Result "0-1"]
[WhiteElo "1874"]
[BlackElo "2398"]
[PlyCount "96"]
[EventDate "2012.08.01"]
[EventType "swiss"]
[EventRounds "9"]
[EventCountry "ESP"]
[SourceTitle "Ajedrez en Madrid"]
[Source "lmi"]
[SourceDate "2020.06.24"]
[SourceVersion "1"]
[SourceVersionDate "2020.06.25"]
[SourceQuality "1"]

1. e4 c5 2. Nc3 a6 3. g3 b5 4. Bg2 Bb7 5. d3 e6 6. Nge2 d5 7. O-O Nf6 8. exd5
Nxd5 9. Re1 Be7 10. Ne4 Nc6 11. h4 h6 12. Nf4 Nxf4 13. Bxf4 O-O 14. Qh5 Nd4 15.
Rac1 Nf5 16. Rcd1 Ra7 17. c3 Ba8 18. Bh3 Qd5 19. b3 Nxh4 20. Qxd5 Nf3+ 21. Kf1
exd5 22. Nd6 Nxe1 23. Rxe1 Bg5 24. Nc8 Bxf4 25. Nxa7 Bd2 26. Re7 Bxc3 27. Nc8
d4 28. Ra7 Bf3 29. Ne7+ Kh8 30. Rxa6 Re8 31. Ra7 c4 32. Bf5 Bb4 33. bxc4 bxc4
34. Rc7 Bxe7 35. Rxc4 Rb8 36. Rc1 Bg5 37. Rc8+ Rxc8 38. Bxc8 Bd2 39. Kg1 h5 40.
Kh2 g6 41. Kh3 Kg7 42. g4 Be2 43. gxh5 Bxd3 44. hxg6 fxg6 45. Kg3 Be2 46. f3
Be3 47. a4 d3 48. Ba6 Bf1 0-1

[Event "La Pobla de Lillet op"]
[Site "La Pobla de Lillet ESP"]
[Date "2012.08.02"]
[Round "2.6"]
[White "Valdes Romero, L.."]
[Black "Diaz Lopez, P.."]
[Result "1-0"]
[WhiteElo "2366"]
[BlackElo "1962"]
[PlyCount "87"]
[EventDate "2012.08.01"]
[EventType "swiss"]
[EventRounds "9"]
[EventCountry "ESP"]
[SourceTitle "Ajedrez en Madrid"]
[Source "lmi"]
[SourceDate "2020.06.24"]
[SourceVersion "1"]
[SourceVersionDate "2020.06.25"]
[SourceQuality "1"]

1. Nf3 Nf6 2. g3 e6 3. Bg2 d5 4. O-O c5 5. d3 Nc6 6. Nbd2 Be7 7. e4 e5 8. c3 d4
9. Nc4 Nd7 10. a4 O-O 11. a5 Rb8 12. Bd2 b5 13. axb6 axb6 14. cxd4 cxd4 15. b4
b5 16. Na5 Nxa5 17. Rxa5 Bd6 18. Qb3 Bc7 19. Ra7 Bb6 20. Raa1 Bb7 21. Bg5 Qe8
22. Nh4 Qe6 23. Qb2 f6 24. Bd2 g6 25. f4 exf4 26. gxf4 Qf7 27. Nf3 Rbc8 28. Kh1
Nb8 29. Rae1 Rce8 30. Re2 Bc8 31. Be1 Bg4 32. Rc2 Rc8 33. h3 Rxc2 34. Qxc2 Rc8
35. Qb2 Bxf3 36. Bxf3 Rd8 37. Bd1 Kg7 38. Bb3 Qd7 39. Qg2 Nc6 40. Bd2 Qe7 41.
e5 Nb8 42. exf6+ Qxf6 43. f5 Rf8 44. Bg5 1-0

[Event "La Pobla de Lillet op"]
[Site "La Pobla de Lillet ESP"]
[Date "2012.08.02"]
[Round "2.7"]
[White "Jane Besora, J.."]
[Black "Ramiro Ovejero, JL.."]
[Result "0-1"]
[WhiteElo "1852"]
[BlackElo "2349"]
[PlyCount "120"]
[EventDate "2012.08.01"]
[EventType "swiss"]
[EventRounds "9"]
[EventCountry "ESP"]
[SourceTitle "Ajedrez en Madrid"]
[Source "lmi"]
[SourceDate "2020.06.24"]
[SourceVersion "1"]
[SourceVersionDate "2020.06.25"]
[SourceQuality "1"]

1. d4 g6 2. c4 Bg7 3. Nc3 c5 4. e3 Nf6 5. Nf3 O-O 6. Be2 cxd4 7. exd4 d5 8.
cxd5 Nxd5 9. O-O Nc6 10. Nxd5 Qxd5 11. Be3 Bf5 12. Qa4 Bd7 13. Qb5 Qxb5 14.
Bxb5 a6 15. Bxc6 Bxc6 16. Ne5 Bd5 17. Rfd1 Rfd8 18. b3 a5 19. Nc4 b5 20. Nb6
Rab8 21. Nxd5 Rxd5 22. Rd2 e6 23. g3 Rbd8 24. Rad1 Bf8 25. f4 f6 26. Kf2 Rc8
27. Rd3 Kf7 28. Kf3 Ke8 29. h3 Kd7 30. Rc1 Rxc1 31. Bxc1 Bc5 32. Bb2 a4 33. Ke3
Bd6 34. bxa4 bxa4 35. Ba3 Bc7 36. Bc5 Kc6 37. Be7 Rf5 38. g4 Rb5 39. Bxf6 Kd5
40. Be7 Rb2 41. Rc3 Bb6 42. Bc5 Ba5 43. Ra3 Rh2 44. Rxa4 Rxh3+ 45. Kf2 Bc7 46.
f5 exf5 47. gxf5 gxf5 48. Ra7 Bb8 49. Ra8 Rh2+ 50. Kf3 Rb2 51. a4 Rb3+ 52. Kg2
h5 53. Ra6 h4 54. Rh6 Bg3 55. a5 Rb2+ 56. Kg1 Ke4 57. Rb6 Ra2 58. a6 h3 59. Rb1
Rxa6 60. Rd1 Kd5 0-1

[Event "La Pobla de Lillet op"]
[Site "La Pobla de Lillet ESP"]
[Date "2012.08.02"]
[Round "2.8"]
[White "Aranda Marin, C.."]
[Black "Blasco Cusido, F.."]
[Result "1-0"]
[WhiteElo "2324"]
[BlackElo "1934"]
[PlyCount "55"]
[EventDate "2012.08.01"]
[EventType "swiss"]
[EventRounds "9"]
[EventCountry "ESP"]
[SourceTitle "Ajedrez en Madrid"]
[Source "lmi"]
[SourceDate "2020.06.24"]
[SourceVersion "1"]
[SourceVersionDate "2020.06.25"]
[SourceQuality "1"]

1. c4 e5 2. d3 Nf6 3. e3 d5 4. cxd5 Nxd5 5. a3 c5 6. Nf3 Nc6 7. Nbd2 Bd6 8. Qc2
O-O 9. Be2 b6 10. b3 Bb7 11. Bb2 Rc8 12. O-O Kh8 13. Nc4 Qe7 14. Nxd6 Qxd6 15.
Rad1 f5 16. Nd2 Qg6 17. Bf3 Rcd8 18. Qc4 Na5 19. Qh4 Qe6 20. Nc4 Nc6 21. Qg3 f4
22. Qg5 Rf5 23. Qg4 Nf6 24. Qh3 Bc8 25. exf4 Nd4 26. Bxd4 Rxd4 27. fxe5 Nd5 28.
Be4 1-0

[Event "La Pobla de Lillet op"]
[Site "La Pobla de Lillet ESP"]
[Date "2012.08.02"]
[Round "2.9"]
[White "Tardio Fran, E.."]
[Black "Capellades Subirana, M.."]
[Result "0-1"]
[WhiteElo "1825"]
[BlackElo "2237"]
[PlyCount "106"]
[EventDate "2012.08.01"]
[EventType "swiss"]
[EventRounds "9"]
[EventCountry "ESP"]
[SourceTitle "Ajedrez en Madrid"]
[Source "lmi"]
[SourceDate "2020.06.24"]
[SourceVersion "1"]
[SourceVersionDate "2020.06.25"]
[SourceQuality "1"]

1. e4 e5 2. Nf3 Nc6 3. Bc4 Nf6 4. Ng5 Bc5 5. Bxf7+ Kf8 6. Bd5 Nxd5 7. Qh5 Qf6
8. exd5 Qxf2+ 9. Kd1 g6 10. Qf3+ Qxf3+ 11. Nxf3 Nd4 12. Nxd4 Bxd4 13. d3 Kg7
14. Nd2 d6 15. c3 Be3 16. h3 Rf8 17. Nf3 Bxc1 18. Rxc1 Bf5 19. Ne1 g5 20. Rc2
Rae8 21. Rf2 e4 22. Rhf1 e3 23. Re2 Bxd3 24. Nf3 Re5 25. Rfe1 Bxe2+ 26. Rxe2
Rxd5+ 27. Kc2 Re8 28. g4 Kg6 29. b4 Rb5 30. Nd4 Rbe5 31. a4 c6 32. Kd3 h5 33.
c4 hxg4 34. hxg4 Re4 35. Nf5 Rxg4 36. Nxd6 Rd8 37. c5 Rxb4 38. Kxe3 Rxa4 39.
Rb2 b6 40. cxb6 axb6 41. Nb7 Re8+ 42. Kf3 g4+ 43. Kg2 b5 44. Nc5 Rc4 45. Nd3
Kg5 46. Nf2 Rd4 47. Rc2 Rd6 48. Rc5+ Kf4 49. Rc2 b4 50. Nh1 b3 51. Rb2 Re3 52.
Rf2+ Rf3 53. Rb2 c5 0-1

[Event "La Pobla de Lillet op"]
[Site "La Pobla de Lillet ESP"]
[Date "2012.08.02"]
[Round "2.10"]
[White "Anguera Maestro, J.."]
[Black "Cervello Tost, R.."]
[Result "1-0"]
[WhiteElo "2153"]
[BlackElo "1877"]
[PlyCount "67"]
[EventDate "2012.08.01"]
[EventType "swiss"]
[EventRounds "9"]
[EventCountry "ESP"]
[SourceTitle "Ajedrez en Madrid"]
[Source "lmi"]
[SourceDate "2020.06.24"]
[SourceVersion "1"]
[SourceVersionDate "2020.06.25"]
[SourceQuality "1"]

1. d4 d5 2. Nf3 Nf6 3. e3 e6 4. Bd3 c5 5. c3 Nc6 6. Ne5 Nxe5 7. dxe5 Nd7 8. f4
c4 9. Bc2 Qh4+ 10. g3 Qh3 11. Qe2 b5 12. Nd2 Bb7 13. Nf3 Qg4 14. Kf2 Bc5 15.
Nd4 Qxe2+ 16. Kxe2 Bxd4 17. exd4 a5 18. Bd2 Ba6 19. Ke3 Rb8 20. a3 O-O 21. g4
Rb6 22. h4 Nb8 23. h5 Nc6 24. g5 Ne7 25. Rag1 g6 26. Rh2 Kg7 27. Rgh1 Rh8 28.
Kf3 Rbb8 29. Kg4 Nc6 30. Kg3 b4 31. axb4 axb4 32. Ra1 Bb5 33. Rhh1 Ra8 34. h6+
1-0

[Event "La Pobla de Lillet op"]
[Site "La Pobla de Lillet ESP"]
[Date "2012.08.02"]
[Round "2.17"]
[White "Garcia Galeote, L.."]
[Black "Sagrista Guindulain, L.."]
[Result "0-1"]
[WhiteElo "2025"]
[BlackElo "1756"]
[PlyCount "64"]
[EventDate "2012.08.01"]
[EventType "swiss"]
[EventRounds "9"]
[EventCountry "ESP"]
[SourceTitle "Ajedrez en Madrid"]
[Source "lmi"]
[SourceDate "2020.06.24"]
[SourceVersion "1"]
[SourceVersionDate "2020.06.25"]
[SourceQuality "1"]

1. Nf3 d5 2. b3 Bf5 3. Bb2 e6 4. e3 c6 5. Be2 Nd7 6. O-O Ngf6 7. d4 Bd6 8. Ne5
Qc7 9. f4 h5 10. c4 h4 11. Nc3 Bb4 12. Rc1 Bxc3 13. Bxc3 Ne4 14. Bb4 Ndf6 15.
Bf3 O-O-O 16. Qe1 Rdg8 17. Ba5 Qe7 18. Be2 g5 19. cxd5 Nxd5 20. Rxc6+ Kb8 21.
Bc4 gxf4 22. Bxd5 Rxg2+ 23. Kh1 exd5 24. Rc7 Qg5 25. Nf3 Qg4 26. Ng1 Rxg1+ 27.
Rxg1 Qf3+ 28. Rg2 h3 29. Rcc2 hxg2+ 30. Kg1 Qf1+ 31. Qxf1 gxf1=Q+ 32. Kxf1 Ng3+
0-1